000 00743nam a2200265Ia 4500
003 OSt
005 20221006160145.0
006 a|||||r|||| 00| 0
007 ta
008 221006b |||||||| |||| 00| 0 eng d
020 _a9788986090314
_c
_30.00
024 _a44,469
037 _bGift, KCC (Window on Korea)
_cTextual
040 _aEASL
_cEASL
_beng
041 _2eng
_aeng
082 _aNS495, P8
100 _aLee byoung-ok
_9672143
245 0 _aKorean folk dance
260 _aSeoul
_bKorea foundation
_c2008
300 _a160p.
_ccm.
490 _v KEL
_aKorean culture series. 13
650 _aKEL
942 _hNS495, P8
_cTEXL
_2CC
999 _c1112561
_d1112561